Подробности
| 000 -МАРКЕР |
| контрольное поле |
01996nam0a2200409 4500 |
| 001 - ИДЕНТИФИКАТОР ЗАПИСИ |
| контрольное поле |
RU\NLR\bibl\1704461 |
| 005 - ИДЕНТИФИКАТОР ВЕРСИИ |
| контрольное поле |
20260405221350.0 |
| 010 ## - МЕЖДУНАРОДНЫЙ СТАНДАРТНЫЙ НОМЕР КНИГИ (ISBN) |
| Номер (ISBN) |
978-5-93136-132-1 |
| Тираж |
1000 |
| 021 ## - НОМЕР ГОСУДАРСТВЕННОЙ РЕГИСТРАЦИИ |
| Код страны |
российская федерация |
| Номер |
2010-82596 |
| Номер Листа государственной регистраци |
5503 |
| 035 ## - ДРУГИЕ СИСТЕМНЫЕ НОМЕРА |
| Идентификатор записи |
(nilc)RSL-KNO-004798596 |
| 035 ## - ДРУГИЕ СИСТЕМНЫЕ НОМЕРА |
| Идентификатор записи |
(NLR Aleph) 001695527 |
| 100 ## - ДАННЫЕ ОБЩЕЙ ОБРАБОТКИ |
| Данные общей обработки |
20101025d2010 |||y0rusy50 ca |
| 101 0# - ЯЗЫК РЕСУРСА |
| Язык текста, звукозаписи и т.д. |
русский |
| -- |
английский |
| 102 ## - СТРАНА ПУБЛИКАЦИИ ИЛИ ПРОИЗВОДСТВА |
| Страна публикации |
российская федерация |
| 105 ## - ПОЛЕ КОДИРОВАННЫХ ДАННЫХ: ТЕКСТОВЫЕ МАТЕРИАЛЫ, МОНОГРАФИЧЕСКИЕ |
| Кодированные данные о монографическом текстовом документе |
a ||||||||| |
| 200 1# - ЗАГЛАВИЕ И СВЕДЕНИЯ ОБ ОТВЕТСТВЕННОСТИ |
| Основное заглавие |
Классик по имени Лёля в стране Мультипликации |
| Параллельное заглавие |
A Classic, Liolly by Name, in the Land of Anmation |
| Сведения, относящиеся к заглавию |
[Шварцман Леонид (Израиль) Аронович] |
| Первые сведения об ответственности |
[авт. текста: Н. Н. Абрамова] |
| Язык параллельного заглавия |
английский |
| 210 ## - ПУБЛИКАЦИЯ, РАСПРОСТРАНЕНИЕ И ДР. |
| Место издания, распространения и т.д. |
Москва |
| Имя издателя, распространителя и т. д. |
Ключ-С |
| Дата издания, распространения и т.д. |
2010 |
| 215 ## - ФИЗИЧЕСКАЯ ХАРАКТЕРИСТИКА |
| Специфическое обозначение материала и объем |
161, [2] с. |
| Другие сведения о физической характеристике |
ил., цв. ил., портр., цв. портр. |
| Размеры |
32 |
| 300 ## - ОБЩИЕ ПРИМЕЧАНИЯ |
| Текст примечания |
Авт. указан на обороте тит. л. |
| 300 ## - ОБЩИЕ ПРИМЕЧАНИЯ |
| Текст примечания |
Текст рус., англ. |
| 320 ## - ПРИМЕЧАНИЯ О НАЛИЧИИ В ДОКУМЕНТЕ БИБЛИОГРАФИИ / УКАЗАТЕЛЯ |
| Текст примечания |
Фильмогр. в конце кн. |
| 510 1# - ПАРАЛЛЕЛЬНОЕ ЗАГЛАВИЕ |
| Связь между полями |
z20790 |
| Параллельное заглавие |
A Classic, Liolly by Name, in the Land of Anmation |
| Язык заглавия |
английский |
| 600 #1 - ИМЯ ЛИЦА КАК ПРЕДМЕТ |
| Начальный элемент ввода |
Шварцман |
| Часть имени, кроме начального элемента ввода |
Л.А. |
| Даты |
1920 |
| Расширение инициалов личного имени |
Леонид Аронович |
| Системный номер авторитетной/нормативной записи |
2619840 |
| Идентификатор авторитетной/нормативной записи |
RU\NLR\auth\661556400 |
| 686 ## - ИНДЕКСЫ ДРУГИХ КЛАССИФИКАЦИЙ |
| Индекс |
Щ154.643(2Р=Р)7-8Шварцман Л.А.4я6 |
| Код системы |
|
| 686 ## - ИНДЕКСЫ ДРУГИХ КЛАССИФИКАЦИЙ |
| Индекс |
Щ377.077я6 |
| Код системы |
|
| 686 ## - ИНДЕКСЫ ДРУГИХ КЛАССИФИКАЦИЙ |
| Индекс |
Щ377.3(2Р)7-85Шварцман |
| 700 #1 - ИМЯ ЛИЦА - ПЕРВИЧНАЯ ОТВЕТСТВЕННОСТЬ |
| Код отношения |
Автор |
| Материалы, к которым относится поле |
rus |
| Графика поля |
Кириллица |
| Начальный элемент ввода |
Абрамова |
| Часть имени, кроме начального элемента ввода |
Н. Н. |
| Дополнения к именам, кроме дат |
мультипликатор |
| Даты |
1937- |
| Расширение инициалов личного имени |
Наталья Николаевна |
| Идентификатор авторитетной/нормативной записи |
RU\NLR\AUTH\7769863 |
| Системный номер авторитетной/нормативной записи |
52791 |
| 702 #1 - ИМЯ ЛИЦА - ВТОРИЧНАЯ ОТВЕТСТВЕННОСТЬ |
| Код отношения |
Прочие |
| Материалы, к которым относится поле |
rus |
| Графика поля |
Кириллица |
| Начальный элемент ввода |
Шварцман |
| Часть имени, кроме начального элемента ввода |
Л. А. |
| Дополнения к именам, кроме дат |
художник-мультипликатор |
| Даты |
1920- |
| Расширение инициалов личного имени |
Леонид Аронович |
| Идентификатор авторитетной/нормативной записи |
RU\NLR\AUTH\7799700 |
| Системный номер авторитетной/нормативной записи |
82626 |
| 790 #1 - ИМЯ ЛИЦА - АЛЬТЕРНАТИВНАЯ ФОРМА |
| Код отношения |
Автор |
| Материалы, к которым относится поле |
rus |
| Графика поля |
Латинская |
| Начальный элемент ввода |
Abramova |
| Часть имени, кроме начального элемента ввода |
N. N. |
| Дополнения к именам, кроме дат |
мультипликатор |
| Даты |
1937- |
| Расширение инициалов личного имени |
Natal'ja Nikolaevna |
| Идентификатор авторитетной/нормативной записи |
RU\NLR\AUTH\7799703 |
| Системный номер авторитетной/нормативной записи |
82629 |
| 801 #0 - ИСТОЧНИК ЗАПИСИ |
| Страна |
российская федерация |
| Организация |
RuMoRKP |
| Дата составления |
20101025 |
| Правила каталогизации |
rcr |
| 801 #1 - ИСТОЧНИК ЗАПИСИ |
| Страна |
российская федерация |
| Организация |
RuMoRGB |
| Дата составления |
20101025 |
| 801 #2 - ИСТОЧНИК ЗАПИСИ |
| Страна |
российская федерация |
| Организация |
NLR |
| Дата составления |
20101123 |
| Правила каталогизации |
rcr |
| 942 ## - ДОПОЛНИТЕЛЬНЫЕ ЭЛЕМЕНТЫ ЗАПИСИ (АБИС) |
| Тип экземпляра АБИС |
Книга |
| 980 ## - КОЛЛЕКЦИЯ |
| Название коллекции |
Национальная библиография |